Дело по отношению обер-прокурора Святейшего Синода о выполнении требований Воронежской духовной консистории

Доступно только в Электронных читальных залах Найти на картеНа карте
RUSMARC
00003696nmc2a22000003x 450
0016a179d3b-6a52-4e2e-82d4-53a4960c0c27
00520180529151139.0
100##$a20160314l18431853k l0rusy0189 ca
1010#$arus
102##$aRU
2001#$aДело по отношению обер-прокурора Святейшего Синода о выполнении требований Воронежской духовной консистории
$j15 июля 1843 г. - 15 декабря 1853 г.
251##$cДело
300##$aДело
801#0$aRU
$bРГИА
$c20160314
$gRCR
801#1$aRU
$bГлавНИВЦ
$c20160314
$2rusmarc
801#2$aRU
$bПБ им. Б.Н. Ельцина
$c20180529
$gRCR
$2rusmarc
850##$aРГИА
852##$aРГИА
$eФедеральное казенное учреждение "Российский государственный исторический архив" (РГИА)
$j1442
937##$hРГИА
$d12198024
$aASBIBLIO_SCAN
462#0$1001e71f34c7-6ba6-4504-897e-253c950c25bd
$12001
$a1841-1843 гг. Дела Департамента полиции исполнительной МВД за 1843 г.
$1251
$cОпись
$1852
$j8
461#0$10013e300ed0-cd39-49af-8489-5ba5b90fa401
$12001
$aДепартамент полиции исполнительной МВД
$1251
$cФонд
$1852
$j1286
215##$a11 л.
$d36,5х26 см
371##$aДокумент не является опубликованным и широко распространяемым
105##$ay###
1222#$ad
035##$a6a179d3b-6a52-4e2e-82d4-53a4960c0c27
856##$uhttp://readingroom.main.prlib.ru/item.aspx?id_node=n115570928&mode=full
Формат отображения